| 000 | 00758nam a22002057a 4500 | ||
|---|---|---|---|
| 005 | 20250502143401.0 | ||
| 010 | _aENG-141519 | ||
| 020 |
_a9789354092138 _c310.00 |
||
| 035 | _aEN-125051 | ||
| 037 |
_bDBAD _adpl |
||
| 082 |
_a781.630 _21 |
||
| 100 |
_aRane,Kasturi Paigude _980998 |
||
| 245 |
_aPandit Bhimsen Joshi Celebrating his Centenary / _cBy Kasturi Paigude Rane |
||
| 250 | _a1 | ||
| 260 |
_aNew Delhi _bPublication Division Ministry of Information and Broadcasting Govt. of India _c2021 |
||
| 270 |
_aSoochana Bhawan CGO Complex, lodhi Road New Delhi _bNew Delhi _e110003 |
||
| 300 |
_a158 p.: _c25 cm(pb) |
||
| 500 | _a(A journey of relentless riyaaz, devotion and pathbreaking music) | ||
| 942 |
_2ddc _cEN _h781.630 _mRAN _e1 |
||
| 999 |
_c205373 _d205373 |
||